judicial

Juicio por jurados y genero: (Registro nro. 6544)

Detalles MARC
000 -LEADER
fixed length control field 01143nam a22003737a 4500
003 - CONTROL NUMBER IDENTIFIER
control field OSt
005 - DATE AND TIME OF LATEST TRANSACTION
control field 20260506075525.0
007 - PHYSICAL DESCRIPTION FIXED FIELD--GENERAL INFORMATION
fixed length control field ta
008 - FIXED-LENGTH DATA ELEMENTS--GENERAL INFORMATION
fixed length control field 260506s2025 ag ||||| |||| 00| 0 spa d
020 ## - INTERNATIONAL STANDARD BOOK NUMBER
International Standard Book Number 9789878949390
040 ## - CATALOGING SOURCE
Transcribing agency cj catamarca
082 ## - DEWEY DECIMAL CLASSIFICATION NUMBER
Classification number 343.17 G643j
100 10 - MAIN ENTRY--PERSONAL NAME
9 (RLIN) 330
Personal name Gonzalez, Cecilia
245 10 - TITLE STATEMENT
Title Juicio por jurados y genero:
Remainder of title mujeres acusadas frente al estrado
250 ## - EDITION STATEMENT
Edition statement 1º ed.
260 ## - PUBLICATION, DISTRIBUTION, ETC.
Place of publication, distribution, etc. CABA:
Name of publisher, distributor, etc. Didot,
Date of publication, distribution, etc. 2025
300 ## - PHYSICAL DESCRIPTION
Extent 146 p.
Dimensions 14 cm
500 ## - GENERAL NOTE
General note INVENTARIO Nº 8175
650 #7 - SUBJECT ADDED ENTRY--TOPICAL TERM
Source of heading or term SAIJ
653 ## - INDEX TERM--UNCONTROLLED
Uncontrolled term JUICIO POR JURADOS
653 ## - INDEX TERM--UNCONTROLLED
Uncontrolled term JUICIO POR JURADOS-GENERO
653 ## - INDEX TERM--UNCONTROLLED
Uncontrolled term JURADO-VIOLENCIA DE GENERO
653 ## - INDEX TERM--UNCONTROLLED
Uncontrolled term JURADO-PERSPECTIVA DE GENERO
653 ## - INDEX TERM--UNCONTROLLED
Uncontrolled term JUICIO POR JURADOS-DEBIDA DILIGENCIA
653 ## - INDEX TERM--UNCONTROLLED
Uncontrolled term VIOLENCIA DE GENERO-DEBIDA DILIGENCIA
653 ## - INDEX TERM--UNCONTROLLED
Uncontrolled term MUJERES ACUSADAS-JURADO
653 ## - INDEX TERM--UNCONTROLLED
Uncontrolled term JURADO-COMPOSICION
653 ## - INDEX TERM--UNCONTROLLED
Uncontrolled term JURADO-RECUSACION
653 ## - INDEX TERM--UNCONTROLLED
Uncontrolled term AUDIENCIAS-VOIR DIRE
653 ## - INDEX TERM--UNCONTROLLED
Uncontrolled term PRUEBA-PRODUCCION-DEBATE
653 ## - INDEX TERM--UNCONTROLLED
Uncontrolled term JURADO-INSTRUCCIONES
856 ## - ELECTRONIC LOCATION AND ACCESS
Uniform Resource Identifier <a href="https://drive.google.com/file/d/1p_lxIDaCPdcFbXQ7UcnE2KHYEirX-hXU/view?usp=sharing">https://drive.google.com/file/d/1p_lxIDaCPdcFbXQ7UcnE2KHYEirX-hXU/view?usp=sharing</a>
942 ## - ADDED ENTRY ELEMENTS (KOHA)
Source of classification or shelving scheme Dewey Decimal Classification
Koha item type Book
Suppress in OPAC No
Existencias
Withdrawn status Lost status Source of classification or shelving scheme Damaged status Not for loan Home library Current library Date acquired Source of acquisition Total Checkouts Full call number Barcode Date last seen Price effective from Koha item type
    Dewey Decimal Classification     PJCB PJCB 05/06/2026 Compra   343.17 G643j 8175 05/06/2026 05/06/2026 Book
-->
  •  poder judicial

    Con tecnología Koha